Mexican States - Sudden Death Part 1 - Statistics

General Stats
  • This quiz has been taken 39 times
  • The average score is 8 of 16
Answers on the Grid
Answers color-coded by a green-red scale on the quiz's grid according to % correct below.
Aguascalientes
Baja California
Baja California Sur
Campeche
Chiapas
Chihuahua
Coahuila
Colima
Durango
Guanajuato
Guerrero
Hidalgo
Jalisco
Mexico
Mexico City
Michoacan
Hidalgo Sur
Nuevo Arizona
Baja California Norte
Tegucigalpa Norte
Guatemala
Leon
Guadalajara
Monterrey
Yucatan Sur
Coahuila y Tejas
Centroamerica
Reconquista
Centro Iberia
Filipinas Occidentales
Tehuantepec
Quijano Sur
 
Answer Stats
Answer % Correct
Baja California Sur
67%
Chiapas
59%
Chihuahua
59%
Jalisco
59%
Baja California
56%
Coahuila
52%
Mexico City
52%
Michoacan
52%
Colima
48%
Hidalgo
48%
Aguascalientes
44%
Durango
44%
Mexico
44%
Guerrero
41%
Campeche
33%
Guanajuato
30%
No matching quizzes found
Score Distribution
Percent of People with Each Score
Percentile by Number Answered
Your Score History
You have not taken this quiz